Mi vida = The Whole Wide World /

Película que trata sobre el encuentro entre los jóvenes Novalyne Price Ellis (1908-99), maestra de una escuela en Texas de los años 1930, y Robert E. Howard (1906-36), excéntrico escritor de novelas pulp y creador de Conan el Bárbaro. El acercamiento es propiciado por Clyde, novio de Novalyne, y lo...

Полное описание

Сохранить в:
Библиографические подробности
Главный автор: Ireland, Dan (realización)
Другие авторы: Myers, Michael Scott (guión) (guión), Rocha, Claudio (fotógrafo) (fotógrafo), McMullen, Gail (vestuario) (vestuario), Colina, Luis (montaje) (montaje), Gregson-Williams, Harry (música) (música), D'Onofrio, Vincent (actuación) (actuación), Zellweger, Renée (actuación) (actuación), Wedgeworth, Ann (actuación) (actuación)
Формат: Перемещать
Язык:английский
Опубликовано: EUA : Cineville, 1996
Редактирование:Edición de colección
Предметы:
Метки: Добавить метку
Нет меток, Требуется 1-ая метка записи!

MARC

LEADER 00000ngm^a2200000^a^4500
001 000450426
005 20251020000000.0
009 20260310123748.749
037 |a Acervo ITESO - Biblioteca 
041 |a ING 
082 |a 810.  |b IRE 
100 |a Ireland, Dan  |e (realización) 
240 1 1 |a [Mi vida, de Dan Ireland] 
245 1 0 |a Mi vida =  |b The Whole Wide World /  |c Realización de D. Ireland. 
250 |a Edición de colección 
264 1 |a EUA :  |b Cineville,  |c 1996 
264 2 |a México :  |b En Pantalla Producciones Internacionales [distribución],  |c 2007, c2007 
300 |a 1 DVD multirregión (110 min.) :  |b color +  |e 1 lámina 
336 |a imagen móvil bidimensional  |b tdi  |2 rdacontenido 
337 |a video  |b v  |2 rdamedio 
338 |a videodisco  |b vd  |2 rdasoporte 
500 |a Basado en: One Who Walked Alone: Robert E. Howard, The Final Years 
500 |a Basado en: Day of the Stranger: Further Memories of Robert E. Howard 
506 1 |a Ejemplar donado, disponible sólo para préstamo externo y uso individual, no autorizado para proyecciones colectivas 
520 |a Película que trata sobre el encuentro entre los jóvenes Novalyne Price Ellis (1908-99), maestra de una escuela en Texas de los años 1930, y Robert E. Howard (1906-36), excéntrico escritor de novelas pulp y creador de Conan el Bárbaro. El acercamiento es propiciado por Clyde, novio de Novalyne, y lo que empieza con una sana amistad pronto se convertirá en un noviazgo, que se verá en dificultades por intereses opuestos en ambos. Primero de los cinco largometrajes para cine dirigidos por Dan Ireland. 
546 |a En inglés, con subtítulos opcionales: español 
546 |a Doblaje opcional: español 
649 |a XX 
650 |a Escritores Norteamericanos -  |x Biografías -  |x Adaptaciones para Cine 
650 |a Educadores Norteamericanos -  |x Memorias -  |x Adaptaciones para Cine 
650 |a Mujeres Norteamericanas -  |x Memorias -  |x Adaptaciones para Cine 
650 |a Melodramas 
650 |a Dramas Cinematográficos 
650 |a Opera Prima 
650 |a Cine Norteamericano -  |y 1990-1999 
650 |a Cine Norteamericano -  |y Siglo XX 
650 |a Amistad -  |x Tema Principal 
650 |a Cortejo y Seducción 
650 |a Noviazgo 
650 |a Relaciones de Pareja 
650 |a Relaciones Intergénero -  |x Tema Principal 
650 |a Howard, Robert E. -  |x Tema Principal 
700 |a Myers, Michael Scott  |e (guión) 
700 |a Rocha, Claudio  |e (fotógrafo) 
700 |a McMullen, Gail  |e (vestuario) 
700 |a Colina, Luis  |e (montaje) 
700 |a Gregson-Williams, Harry  |e (música) 
700 |a D'Onofrio, Vincent  |e (actuación) 
700 |a Zellweger, Renée  |e (actuación) 
700 |a Wedgeworth, Ann  |e (actuación) 
910 |a Fondo General 
920 |a Audiovisuales - DVDs 
940 |a Películas 
905 |a 308 
901 |a 0500382414  |b IT2  |c DVR  |i D1961  |u 20250521 
901 |a 0500382415  |b IT2  |c MIN  |i D1961  |u 20251020 
902 |a https://opac.biblio.iteso.mx/vufind/Record/000450426